000
00243nam a2200097Ia 4500
008
230915s9999 xx 000 0 und d
050
_a
QA184.L39 1996
100
_a
DAVID C.LAY
245
0
_a
LINEAR ALGEBRA AND ITS APPLICATIONS
942
_c
BK
999
_c
186554
_d
186554